LAS RELIGIONES CONSTITUIDAS EN ASIA Y SUS CONTRACORRIENTES, I (Registro nro. 43612)
[ vista simple ]
| 000 -LEADER | |
|---|---|
| fixed length control field | 01058nam a2200205 a 4500 |
| 001 - CONTROL NUMBER | |
| control field | 43612 |
| 005 - DATE AND TIME OF LATEST TRANSACTION | |
| control field | 20180714022209.0 |
| 008 - FIXED-LENGTH DATA ELEMENTS--GENERAL INFORMATION | |
| fixed length control field | 140415s1982 mx 000 0 spa d |
| 020 ## - INTERNATIONAL STANDARD BOOK NUMBER | |
| International Standard Book Number | 9682309689 |
| 041 ## - LANGUAGE CODE | |
| Language code of text/sound track or separate title | spa |
| 082 ## - DEWEY DECIMAL CLASSIFICATION NUMBER | |
| Classification number | 200.9 |
| Item number | HIS |
| 245 04 - TITLE STATEMENT | |
| Title | LAS RELIGIONES CONSTITUIDAS EN ASIA Y SUS CONTRACORRIENTES, I |
| 250 ## - EDITION STATEMENT | |
| Edition statement | 2a ed. |
| 260 ## - PUBLICATION, DISTRIBUTION, ETC. | |
| Place of publication, distribution, etc. | MEXICO : |
| Name of publisher, distributor, etc. | SIGLO XXI EDITORES, |
| Date of publication, distribution, etc. | 1982 |
| 300 ## - PHYSICAL DESCRIPTION | |
| Extent | 459 |
| Dimensions | 10.5 x 2.2 x 18 |
| 490 ## - SERIES STATEMENT | |
| Series statement | HISTORIA DE LAS RELIGIONES |
| 520 ## - SUMMARY, ETC. | |
| Summary, etc. | ESTA OBRA TRATA DE EL ESTUDIO CIENTIFICO DE LOS HECHOS RELIGIOSOS EN SI Y POR SI, SIMPLEMENTE COMO HECHOS HUMANOS ACCESIBLES A LA OBSERVACION HUMANA, RECHAZANDO PREJUICIOS Y ABSTENIENDOSE DE JUICIOS DE VALOR, INEVITABLEMENTE PONE EN JUEGO Y EN DEFINITIVA TERMINA POR PONER EN CUESTION A LA RELIGION EN SI MISMA. ESTA ES SIN DUDA LA EXPLICACION ULTIMA DE LA CARRERA AZAROZA Y AMENAZADA QUE HA SEGUIDO HASTA AQUI LA HISTORIA DE LAS RELIGIONES. |
| 700 1# - ADDED ENTRY--PERSONAL NAME | |
| Personal name | GARCÍA - ARENAL, MERCEDES |
| Relator term | tr. |
| 740 ## - ADDED ENTRY--UNCONTROLLED RELATED/ANALYTICAL TITLE | |
| Uncontrolled related/analytical title | HISTOIRE DES RELIGIONS 3. ENCYCLOPEDIE DE LA PLEIADE |
| Withdrawn status | Lost status | Source of classification or shelving scheme | Damaged status | Not for loan | Collection code | Home library | Current library | Shelving location | Date acquired | Source of acquisition | Inventory number | Total Checkouts | Full call number | Barcode | Date last seen | Date last checked out | Price effective from | Koha item type |
|---|---|---|---|---|---|---|---|---|---|---|---|---|---|---|---|---|---|---|
| Dewey Decimal Classification | General | Biblioteca Karol Wojtyla | Biblioteca Karol Wojtyla | Sala general | 03/12/2013 | Compra | 151000000000000000057185 | 200.9 HIS | 65611 | 05/01/2026 | 20/03/2015 | 03/12/2013 | Libro |